How to enjoy the bible. (Record no. 15877)

000 -LEADER
fixed length control field 00450nam a2200157 a 4500
001 - CONTROL NUMBER
control field :::00018328$&:&@@
003 - CONTROL NUMBER IDENTIFIER
control field OkBaRHE
005 - DATE AND TIME OF LATEST TRANSACTION
control field 20001020113808.0
008 - FIXED-LENGTH DATA ELEMENTS--GENERAL INFORMATION
fixed length control field j 000 0 eng u
040 ## - CATALOGING SOURCE
Transcribing agency
100 1# - MAIN ENTRY--PERSONAL NAME
Personal name Deane, Anthony C.
245 10 - TITLE STATEMENT
Title How to enjoy the bible.
260 ## - PUBLICATION, DISTRIBUTION, ETC. (IMPRINT)
Place of publication, distribution, etc London
Name of publisher, distributor, etc Hodder and Stoughton
942 ## - ADDED ENTRY ELEMENTS (KOHA)
Source of classification or shelving scheme
Koha item type Books
Copies
Source of classification or shelving scheme Copy number Date last seen Withdrawn status Barcode Not for loan Price effective from Damaged status Permanent Location Full call number Date acquired Shelving location Lost status Koha item type
 12010-04-14 18328 2010-04-14 RHEMA Bible Training CollegeBS 511 .D352010-04-14General Stacks Books